| 000 | 00478nam a2200181Ia 4500 | ||
|---|---|---|---|
| 003 | IN-BaIIA | ||
| 008 | 211028s9999 xx 000 0 eng d | ||
| 040 | _cIIA Library | ||
| 080 |
_a535.33 _bMEE |
||
| 100 |
_aMees, Kenneth C. E. _91830 |
||
| 245 | 3 |
_aAn atlas of absorption spectra _cKenneth C. E. Mees |
|
| 260 |
_aLondon _bLongmans, Green _c1909 |
||
| 300 | _a74p. | ||
| 650 |
_aAtlas-Spectra _91831 |
||
| 650 | _aNASA Thesaurus | ||
| 650 |
_aSpectroscopy _91535 |
||
| 942 | _cBK | ||
| 999 |
_c858 _d858 |
||